Analýza vplyvu klasických a novodobých komunikačných foriem na nákupné rozhodovanie spotrebiteľa bakalárska práca

Gespeichert in:
Bibliographische Detailangaben
1. Verfasser: Mészárosová, Veronika
Körperschaft: Obchodná fakulta EU. Katedra marketingu
Weitere Verfasser: Fogašová, Veronika
Format: Buch
Sprache:Slowakisch
Veröffentlicht: Bratislava 2012
Tags: Tag hinzufügen
Keine Tags, Fügen Sie das erste Tag hinzu!

MARC

LEADER 00000nbm a2200000 4500
001 0154584
005 20161109111853.1
041 0 |a slo 
044 |a SK 
245 1 0 |a Analýza vplyvu klasických a novodobých komunikačných foriem na nákupné rozhodovanie spotrebiteľa  |b bakalárska práca  |c Veronika Mészárosová ; školiteľ: Veronika Fogašová 
264 1 |a Bratislava  |c 2012 
300 |a 63 s. 
100 1 |a Mészárosová, Veronika 
700 1 |a Fogašová, Veronika 
710 2 |a Obchodná fakulta EU. Katedra marketingu